| 000 | 00746nam a2200265Ia 4500 | ||
|---|---|---|---|
| 005 | 20260121161447.0 | ||
| 008 | 008 260114s9999 xx 000 0 eng d | ||
| 020 | _a9781003479239 | ||
| 037 | _aEBOOK | ||
| 040 | _aCRL | ||
| 040 | _beng | ||
| 040 | _cCRL | ||
| 041 | _2eng | ||
| 041 | _aeng | ||
| 084 | _qCRL | ||
| 100 |
_aMultifunctional Inorganic Nanomaterials for Energy Applications _91045172 |
||
| 245 | 0 | _aH.P. Nagaswarupa; Mika E.T. Sillanpää; H.C. Ananda Murthy; Ramachandra Naik | |
| 260 | _bTaylor and Francis | ||
| 260 | _c2024 | ||
| 650 |
_aNanoscience & Nanotechnology _91045173 |
||
| 856 | _uhttp://www.taylorfrancis.com/books/9781003479239 | ||
| 942 | _cEBOOK | ||
| 999 |
_c1610994 _d1610994 |
||